Ιδεολογία, παιδαγωγική και εκπαιδευτική πολιτική : λόγος και πράξη των ευρωπαϊκών προγραμμάτων για την εκπαίδευση

Saved in:
Bibliographic Details
Main Author: Γρόλλιος, Γιώργος Δ.
Format: Book
Language:Greek
Published: Αθήνα : Gutenberg, 1999.
Series:Παιδαγωγική σειρά
Subjects:
Tags: Add Tag
No Tags, Be the first to tag this record!

MARC

LEADER 00000cam a2200000 i 4500
001 1/85532
008 030304s1999 gr | ||| |||| ||gre||
020 |a 9600107858 
035 |l 10080301 
040 |a GR-MY-UA  |b gre  |e aacr 
041 0 |a gre 
082 7 |a 370.1   |2 (22) 
100 1 |a Γρόλλιος, Γιώργος Δ. 
245 1 0 |a Ιδεολογία, παιδαγωγική και εκπαιδευτική πολιτική :   |b λόγος και πράξη των ευρωπαϊκών προγραμμάτων για την εκπαίδευση /   |c Γιώργος Δ. Γρόλλιος.  
260 |a Αθήνα :   |b Gutenberg,   |c 1999.  
300 |a 198 σ. :   |b πιν. ;   |c 24 εκ.  
490 1 |a (Παιδαγωγική σειρά)  
504 |a Περιλαμβάνει βιβλιογραφία.  
650 0 0 |a Education  |z Greece. 
650 0 0 |a Education  |x Philosophy. 
650 0 0 |a Politics and education. 
650 0 0 |a Educational sociology. 
830 0 |a Παιδαγωγική σειρά 
852 |a INST  |b LESVOS  |e 20050919  |h 370.1 ΓΡΟ  |p 005100032597  |q 005100032597  |t BK  |y 0 
852 |a INST  |b RHODES  |e 20030304  |h 370.1 ΓΡΟ  |p 005400020612  |q 005400020612  |t BK  |y 0 
901 |a BIBL1-2005-3 
901 |a BIBL4-2003-1 
909 |a Λ  |b 113832 
909 |a Ρ  |b 103353 
920 |a ΔΙΕΥΡΥΝΣΗ  |b ΕΠΕΑΕΚ-ΤΚ  |y Ρόδος  |z 2004-10 
922 |a 4ΕΛΗ  |b 200212  |c ΕΠΕΑΕΚ2/ΤΕΠΑΕΣ  |d ΠΑΠΑΣΩΤΗΡΙΟΥ & ΕΛΕΥΘΕΡΟΥΔΑΚΗΣ 
970 |z 2003/03/12